00000000nam 2200000za 4500
0019.574677
003CaOODSP
00520250415131547
007cr |||||||||||
008150406|2000||||oncd||||ob   f|0| 0 eng d
022 |a1205-9153
040 |aCaOODSP|beng
043 |an-cn---
0861 |aCS11-0019/151E-PDF
1001 |aBaldwin, John R. |q(John Russel)
24510|aMultinationals and the Canadian innovation process / |cby John Baldwin and Petr Hanel.
260 |aOttawa - Ontario : |bStatistics Canada |cJune 2000.
300 |a1 online resource (84 p.) : |bgraphs, tables
4901 |aAnalytical Studies Branch research paper series ; |x1205-9153|vNo. 151
500 |aThe catalogue number (11F0019MPE) and ISBN (0-660-18189-4) for the print edition have been incorrectly copied in this electronic publication.
504 |aIncludes bibliographical references (pages 64-67).
5203 |a"This paper examines whether new views of the multinational that see these firms as decentralizing R&D activities abroad to exploit local competencies accord with the activities of multinationals in Canada. The paper describes the innovation regime of multinational firms in Canada by examining the differences between foreign and domestically owned firms."--Abstract.
590 |a12-35-Supp|b2012-08-09
7102 |aStatistics Canada.
77508|tLes multinationales et le processus d'innovation au Canada / |w(CaOODSP)9.604412
7760#|tMultinationals and the Canadian innovation process / |w(CaOODSP)9.615202
830#0|aResearch paper series (Statistics Canada. Analytical Studies Branch)|x1205-9153|vNo. 151.|w(CaOODSP)9.504421
85640|ahttp://publications.gc.ca|qPDF|s305 KB |uhttps://publications.gc.ca/collections/Collection/CS11-0019-151E.pdf|yNo. 151